Hombres, placer, poder y cambio / Michael, Kaufman (Registro nro. 2444)

Detalles MARC
000 -LEADER
fixed length control field 00487nam a22001811a 4500
001 - CONTROL NUMBER
control field 2444
003 - CONTROL NUMBER IDENTIFIER
control field OSt
005 - DATE AND TIME OF LATEST TRANSACTION
control field 20260204211812.0
008 - FIXED-LENGTH DATA ELEMENTS--GENERAL INFORMATION
fixed length control field 040301s1989||||dr ||||||b||||||||||spa||
050 ## - LIBRARY OF CONGRESS CALL NUMBER
Classification number RD 305.5 K163h
082 ## - DEWEY DECIMAL CLASSIFICATION NUMBER
Classification number RD 305.5 K163h
100 ## - ASIENTO PRINCIPAL -- NOMBRE PERSONAL
Personal name Kaufman, Michael
245 ## - TÍTULO PROPIAMENTE DICHO: SUBTÍTULO
Title Hombres, placer, poder y cambio / Michael, Kaufman
264 ## - PRODUCTION, PUBLICATION, DISTRIBUTION, MANUFACTURE, AND COPYRIGHT NOTICE
Place of production, publication, distribution, manufacture Santo Domingo : CIPAF
300 ## - PHYSICAL DESCRIPTION
Extensión 99 (Colección Teoría)
650 ## - ASIENTO SECUNDARIO DE MATERIA -- TERMINO TEMÁTICO
Termino Temático Como Elemento de Entrada 1.Hombres Masculinidad 3.SexualidadÌ
942 ## - ADDED ENTRY ELEMENTS (KOHA)
Source of classification or shelving scheme Dewey Decimal Classification
Koha item type Libros
Existencias
Withdrawn status Lost status Source of classification or shelving scheme Damaged status Not for loan Current library Date acquired Full call number Barcode Date last seen Price effective from Koha item type Total Checkouts
    Dewey Decimal Classification Descartado para donación   Biblioteca UTECO 09/09/2019 RD 305.5 K163H 006649 09/09/2019 09/09/2019 Libros  
    Dewey Decimal Classification Descartado para donación   Biblioteca UTECO 09/09/2019 RD 305.5 K163H 006650 09/09/2019 09/09/2019 Libros  
    Dewey Decimal Classification     Biblioteca UTECO 09/09/2019 RD 305.5 K163H 006651 09/09/2019 09/09/2019 Libros  
    Dewey Decimal Classification     Biblioteca UTECO 09/09/2019 RD 305.5 K163H 011629 09/09/2019 09/09/2019 Libros  
© 2021 Derechos Reservados UTECO - Teléfono: +1 809-585-2291 - Correo electrónico: biblioteca@uteco.edu.do​  
Código postal 43000 ​​
Dirección: Avenida Universitaria No. 100, 
Cotuí, Provincia Sánchez Ramírez, República Dominicana - RNC: 404-00059-6